000 00560nam a22002297a 4500
003 UA-OsUOA
001 48659
007 ta
008 20070911b un ||||| |||| 00| 0 ukr d
100 _aДріз Ш.
090 _a821.161.2
_bД74
942 _cBK
040 _aUA-OsUOA
_bukr
_cUA-OsUOA
_dUA-OsUOA
245 _aЧетверта струна
300 _a148 с.
955 _a3
041 _aukr
080 _a821.161.2
260 _aК.
_c2006
650 7 _a82 Література. Літературознавство
_2UDC
999 _c334766
_d334766